| 000 | 00826nam a2200253Ia 4500 | ||
|---|---|---|---|
| 003 | OSt | ||
| 005 | 20220925182801.0 | ||
| 006 | a|||||r|||| 00| 0 | ||
| 007 | ta | ||
| 008 | 220923b |||||||| |||| 00| 0 eng d | ||
| 037 | _cGeneral Book | ||
| 040 |
_aRTL _cRTL _beng |
||
| 041 |
_2eng _aeng |
||
| 082 | _aX9(J):77.243.N7, M0 | ||
| 100 |
_aGupta D P _9257225 |
||
| 245 | 0 | _aAgricultural development in Punjab. | |
| 260 |
_aDelhi _bAgricole publishing India _c1980 |
||
| 300 |
_a160p. Bib p 158p.; Appendix p 135-57. _ccm. |
||
| 500 | _aAgricultural economics research center, university of delhi,publications. | ||
| 650 | _aAgriculture Industries-prices | ||
| 700 |
_a Shangari K K _9257226 |
||
| 942 |
_hX9(J):77.243.N7, M0 _cGB _2CC |
||
| 999 |
_c503142 _d503142 |
||